Знаменитые рыжие - Армагеддон - Statistics

General Stats
  • This quiz has been taken 26 times
  • The average score is 5 of 16
Answers on the Grid
Answers color-coded by a green-red scale on the quiz's grid according to % correct below.
Мэри-Джейн Уотсон
Перри Мейсон
Бетт Мидлер
Дмитрий Нагиев
Эль Фаннинг
Винсент ван Гог
Венди Кордрой
Мэрилин Монро
Кэти Гриффин
Джоди Фостер
Трис Мэригольд
Данила Поперечный
Брюс Уиллис
Дастин Хоффман
Джулианна Мур
Крис Хемсворт
Дженнифер Лопес
Алла Пугачёва
Эд Ширан
Джерри Ли Льюис
Кэррот Топ
Анатолий Чубайс
Эми Адамс
Саймон Пегг
Анатолий Папанов
Кейт Бланшетт
Оуэн Уилсон
Кристофер Уокен
Кейт Уинслет
Рон Уизли
 
Answer Stats
Answer % Correct
Винсент ван Гог
70%
Мэри-Джейн Уотсон
52%
Алла Пугачёва
52%
Эд Ширан
52%
Рон Уизли
52%
Данила Поперечный
48%
Джулианна Мур
35%
Анатолий Чубайс
35%
Эми Адамс
26%
Бетт Мидлер
22%
Кейт Уинслет
22%
Трис Мэригольд
17%
Венди Кордрой
13%
Кэррот Топ
13%
Кэти Гриффин
9%
Оуэн Уилсон
0%
No matching quizzes found
Score Distribution
Percent of People with Each Score
Percentile by Number Answered
Your Score History
You have not taken this quiz